Computer and information science (Record no. 2104)

MARC details
000 -LEADER
fixed length control field 00595 a2200181 4500
001 - CONTROL NUMBER
control field 068442
003 - CONTROL NUMBER IDENTIFIER
control field OSt
005 - DATE AND TIME OF LATEST TRANSACTION
control field 20220217143054.0
008 - FIXED-LENGTH DATA ELEMENTS--GENERAL INFORMATION
fixed length control field
082 ## - DEWEY DECIMAL CLASSIFICATION NUMBER
Classification number 004
Item number C73C
100 1# - MAIN ENTRY--PERSONAL NAME
Personal name Lee, Roger
245 1# - TITLE STATEMENT
Title Computer and information science
Statement of responsibility, etc by Roger Lee and Haeng-Kon Kim
260 ## - PUBLICATION, DISTRIBUTION, ETC. (IMPRINT)
Place of publication, distribution, etc New York
Name of publisher, distributor, etc Springer
Date of publication, distribution, etc 2008
300 ## - PHYSICAL DESCRIPTION
Extent 284p.
690 ## - LOCAL SUBJECT ADDED ENTRY--TOPICAL TERM (OCLC, RLIN)
Topical term or geographic name as entry element Computer science; Information science; Artificial intelligence; Engineering; Engineering; Engineering mathematics; Management information systems; Computers
700 ## - ADDED ENTRY--PERSONAL NAME
Personal name Kim, Haeng-Kon
942 ## - ADDED ENTRY ELEMENTS (KOHA)
Source of classification or shelving scheme Dewey Decimal Classification
Koha item type Books
Holdings
Withdrawn status Lost status Source of classification or shelving scheme Damaged status Not for loan Collection code Home library Current library Date acquired Source of acquisition Cost, normal purchase price Total Checkouts Full call number Barcode Date last seen Price effective from Koha item type
    Dewey Decimal Classification     General Text Book Central University Of Rajasthan Central University Of Rajasthan 07/03/2012 CSC 4614.00   004 C73C 2729 21/11/2024 02/09/2020 Books